Estatísticas para Monumentos de cidades portuguesas

Clique aqui para jogar o quiz

Estatísticas Gerais

  • Esse quiz foi jogado 101 vezes
  • A pontuação média é 20 de 33

Estatísticas das Respostas

MonumentoCidade/Vila% Correto
Templo de DianaÉvora
98%
Castelo de São JorgeLisboa
98%
Palácio da PenaSintra
93%
Santuário do Bom Jesus do MonteBraga
92%
Palácio da BolsaPorto
85%
Convento de CristoTomar
83%
Mosteiro de Santa Clara-a-VelhaCoimbra
78%
Santuário de Santa LuziaViana do Castelo
75%
Museu de Grão VascoViseu
75%
Santuário Nacional de Cristo ReiAlmada
68%
Santuário de Nossa Senhora do Rosário de...Fátima
67%
Paço dos Duques de BragançaGuimarães
67%
Castelo da FeiraSanta Maria da Feira
63%
Arco da VilaFaro
62%
Santuário de Nossa Senhora da EncarnaçãoLeiria
62%
Museu Rainha Dona LeonorBeja
60%
Museu de Arte NovaAveiro
58%
Palácio de MateusVila Real
57%
Fortaleza de São FilipeSetúbal
53%
Mosteiro de Santo Angostinho da Serra do PilarVila Nova de Gaia
50%
Mosteiro de Santa Maria da VitóriaBatalha
48%
Ponte de TrajanoChaves
47%
Palácio de VidagoVidago/Chaves
47%
Santuário de Nossa Senhora dos RemédiosLamego
45%
Mosteiro de Santa Maria de...Alcobaça
43%
Cidadela de...Cascais
43%
Palácio do Marquês de PombalOeiras
38%
Convento de São BernardoPortalegre
38%
Palácio do BuçacoLuso/Mealhada
37%
Forte de Nossa Senhora da GraçaElvas
33%
Portas da CidadePonta Delgada
33%
Paço Ducal de...Vila Viçosa
33%
Alto da MemóriaAngra do Heroísmo
20%

Distribuição das Pontuações

Percentil de Números Respondidos

Porcentagem de Pessoas com Cada Pontuação

Sua Pontuação Histórica

Você não jogou esse quiz